[Event "Grand Swiss "]
[Date "2025.09.13"]
[White "Wagner, Dennis"]
[Black "Suyarov, Mukhammadzokhid"]
[WhiteElo "2608"]
[BlackElo "2482"]
[Round "8.8.55"]
[Result "1/2-1/2"]

1. d4 {[%clk 01:40:56] [%emt 00:00:03]} d5 {[%clk 01:40:13] [%emt 00:00:47]} 2.
c4 {[%clk 01:41:17] [%emt 00:00:08]} e6 {[%clk 01:40:15] [%emt 00:00:29]} 3.
cxd5 {[%clk 01:41:19] [%emt 00:00:28]} exd5 {[%clk 01:40:36] [%emt 00:00:09]} 4.
Nc3 {[%clk 01:41:44] [%emt 00:00:05]} c6 {[%clk 01:40:21] [%emt 00:00:46]} 5.
Bf4 {[%clk 01:42:05] [%emt 00:00:08]} Nf6 {[%clk 01:39:28] [%emt 00:01:24]} 6.
e3 {[%clk 01:42:08] [%emt 00:00:27]} Bf5 {[%clk 01:38:20] [%emt 00:01:38]} 7. h3
{[%clk 01:38:55] [%emt 00:03:43]} Bd6 {[%clk 01:32:37] [%emt 00:06:13]} 8. g4
{[%clk 01:38:15] [%emt 00:01:09]} Bg6 {[%clk 01:31:10] [%emt 00:01:56]} 9. Qb3
{[%clk 01:31:34] [%emt 00:07:12]} b6 {[%clk 01:28:34] [%emt 00:03:06]} 10. Nge2
{[%clk 01:18:07] [%emt 00:13:57]} O-O {[%clk 01:04:55] [%emt 00:24:10]} 11. Bg2
{[%clk 01:17:50] [%emt 00:00:47]} Re8 {[%clk 01:04:13] [%emt 00:01:10]} 12. Rc1
{[%clk 01:10:18] [%emt 00:08:04]} h6 {[%clk 01:00:25] [%emt 00:04:18]} 13. O-O
{[%clk 01:05:34] [%emt 00:05:14]} Bh7 {[%clk 00:59:14] [%emt 00:01:40]} 14. Rfe1
{[%clk 01:02:27] [%emt 00:03:36]} Na6 {[%clk 00:55:55] [%emt 00:03:49]} 15. a3
{[%clk 00:56:13] [%emt 00:06:44]} Nc7 {[%clk 00:49:51] [%emt 00:06:35]} 16. Qa4
{[%clk 00:55:27] [%emt 00:01:16]} Bxf4 {[%clk 00:36:04] [%emt 00:14:17]} 17.
Nxf4 {[%clk 00:55:39] [%emt 00:00:17]} Qd7 {[%clk 00:36:10] [%emt 00:00:24]} 18.
Na2 {[%clk 00:50:12] [%emt 00:05:57]} Ne6 {[%clk 00:32:58] [%emt 00:03:41]} 19.
Nb4 {[%clk 00:41:50] [%emt 00:08:53]} Rac8 {[%clk 00:31:53] [%emt 00:01:36]} 20.
Nbd3 {[%clk 00:20:16] [%emt 00:22:04]} Nxf4 {[%clk 00:25:26] [%emt 00:06:57]}
21. Nxf4 {[%clk 00:20:43] [%emt 00:00:02]} Rc7 {[%clk 00:24:17] [%emt 00:01:39]}
22. Qd1 {[%clk 00:20:45] [%emt 00:00:28]} Rd8 {[%clk 00:21:37] [%emt 00:03:11]}
23. b4 {[%clk 00:20:35] [%emt 00:00:40]} Ne4 {[%clk 00:19:24] [%emt 00:02:42]}
24. a4 {[%clk 00:17:34] [%emt 00:03:32]} a6 {[%clk 00:17:34] [%emt 00:02:21]}
25. a5 {[%clk 00:15:13] [%emt 00:02:50]} Rb8 {[%clk 00:15:08] [%emt 00:02:56]}
26. Nd3 {[%clk 00:10:42] [%emt 00:05:01]} Qc8 {[%clk 00:13:10] [%emt 00:02:28]}
27. Bf1 {[%clk 00:07:57] [%emt 00:03:15]} Ng5 {[%clk 00:07:53] [%emt 00:05:47]}
28. h4 {[%clk 00:02:52] [%emt 00:05:35]} Ne6 {[%clk 00:08:17] [%emt 00:00:07]}
29. Qf3 {[%clk 00:02:31] [%emt 00:00:50]} bxa5 {[%clk 00:07:42] [%emt 00:01:06]}
30. bxa5 {[%clk 00:03:00] [%emt 00:00:01]} Rb5 {[%clk 00:07:57] [%emt 00:00:15]}
31. Nc5 {[%clk 00:00:59] [%emt 00:02:31]} Rxa5 {[%clk 00:05:17] [%emt 00:03:10]}
32. Nxe6 {[%clk 00:01:24] [%emt 00:00:05]} Qxe6 {[%clk 00:05:42] [%emt
00:00:04]} 33. Ra1 {[%clk 00:01:51] [%emt 00:00:04]} Rxa1 {[%clk 00:04:12] [%emt
00:02:01]} 34. Rxa1 {[%clk 00:02:20]} Rb7 {[%clk 00:04:35] [%emt 00:00:07]} 35.
Qf4 {[%clk 00:01:19] [%emt 00:01:31]} Be4 {[%clk 00:01:55] [%emt 00:03:09]} 36.
Bxa6 {[%clk 00:01:46] [%emt 00:00:03]} Rb2 {[%clk 00:01:53] [%emt 00:00:32]} 37.
Bf1 {[%clk 00:02:00] [%emt 00:00:16]} f6 {[%clk 00:02:22] [%emt 00:00:02]} 38.
Bg2 {[%clk 00:01:26] [%emt 00:01:03]} Bd3 {[%clk 00:00:46] [%emt 00:02:05]} 39.
Bf3 {[%clk 00:01:36] [%emt 00:00:20]} Kh7 {[%clk 00:00:51] [%emt 00:00:25]} 40.
Kg2 {[%clk 00:00:52] [%emt 00:01:13]} Qe7 {[%clk 00:00:45] [%emt 00:00:36]} 41.
h5 {[%emt 00:33:58]} Rb1 {[%emt 00:00:50]} 42. Ra8 {[%emt 00:04:51]} Rb7 {[%clk
00:38:02] [%emt 00:05:39]} 43. Kg3 {[%emt 00:05:18]} Ra7 {[%clk 00:36:14] [%emt
00:01:06]} 44. Rc8 {[%emt 00:02:29]} Qb7 {[%emt 00:02:04]} 45. Qb8 {[%clk
00:13:16] [%emt 00:02:03]} Qxb8+ {[%clk 00:34:48] [%emt 00:00:17]} 46. Rxb8
{[%emt 00:01:39]} Ra6 {[%clk 00:32:20] [%emt 00:01:21]} 47. Rc8 {[%emt
00:19:07]} Rb6 {[%clk 00:13:52] [%emt 00:01:24]} 48. Rc7 {[%emt 00:03:24]} Kh8
{[%clk 00:11:07] [%emt 00:00:02]} 49. Kf4 {[%clk 00:12:33] [%emt 00:00:56]} Bb1
{[%emt 00:01:38]} 50. Bd1 {[%clk 00:11:01] [%emt 00:01:05]} Ra6 {[%emt
00:07:24]} 51. f3 {[%emt 00:07:09]} g5+ {[%clk 00:03:01] [%emt 00:01:40]} 52.
hxg6 {[%clk 00:04:10] [%emt 00:00:34]} Bxg6 {[%clk 00:03:29] [%emt 00:00:01]}
53. Bb3 {[%clk 00:03:33] [%emt 00:01:07]} Ra3 {[%clk 00:02:59] [%emt 00:00:58]}
54. Rb7 {[%clk 00:03:57] [%emt 00:00:09]} Ra1 {[%clk 00:03:15] [%emt 00:00:14]}
55. Rd7 {[%emt 00:03:43]} Ra3 {[%clk 00:02:40] [%emt 00:00:11]} 56. Rb7 {[%clk
00:02:02] [%emt 00:00:06]} Ra1 {[%emt 00:00:08]} 57. Rd7 {[%clk 00:02:22] [%emt
00:00:09]} Ra3 {[%clk 00:03:26] [%emt 00:00:07]} 58. Bd1 {[%clk 00:01:57] [%emt
00:00:56]} Ra1 {[%clk 00:03:25] [%emt 00:00:31]} 59. Be2 {[%clk 00:02:08] [%emt
00:00:19]} Ra2 {[%emt 00:00:31]} 60. Bd1 {[%clk 00:01:45] [%emt 00:00:38]} Ra1
{[%emt 00:08:18]} 61. Be2 {[%clk 00:08:21] [%emt 00:00:56]} Ra2 {[%emt
00:00:39]} 62. Bf1 {[%clk 00:06:42] [%emt 00:01:39]} Rf2 {[%clk 00:19:10] [%emt
00:00:29]} 63. Bh3 {[%emt 00:01:55]} Rc2 {[%clk 00:17:38] [%emt 00:00:10]} 64.
Rc7 {[%clk 00:06:58] [%emt 00:00:40]} Kg8 {[%clk 00:16:34] [%emt 00:01:34]} 65.
Bf1 {[%emt 00:01:18]} Rf2 {[%clk 00:16:20] [%emt 00:00:11]} 66. Bh3 {[%emt
00:00:56]} Rc2 {[%emt 00:04:36]} 67. Ra7 {[%emt 00:04:22]} Kf8 {[%clk 00:13:32]
[%emt 00:00:16]} 68. Rb7 {[%emt 00:00:49]} Kg8 {[%clk 00:12:45] [%emt 00:00:31]}
69. Bf1 {[%clk 00:02:03] [%emt 00:00:15]} Rf2 {[%emt 00:00:42]} 70. Bh3 {[%clk
00:01:22] [%emt 00:00:53]} Rc2 {[%emt 00:00:08]} 71. Bf1 {[%clk 00:01:47] [%emt
00:00:02]} Rf2 {[%emt 00:00:04]} 72. Bh3 {[%clk 00:01:11] [%emt 00:01:05]}
1/2-1/2

[Site "Europe Echecs"]

[Event "Grand Swiss "]
[Date "2025.09.13"]
[White "Martirosyan, Haik M."]
[Black "Hammer, Jon Ludvig"]
[WhiteElo "2628"]
[BlackElo "2618"]
[Round "8.8.56"]
[Result "1/2-1/2"]

1. e4 {[%clk 01:40:56] [%emt 00:00:03]} e5 {[%clk 01:40:50] [%emt 00:00:11]} 2.
Nf3 {[%clk 01:41:14] [%emt 00:00:11]} Nc6 {[%clk 01:41:14] [%emt 00:00:05]} 3.
Bc4 {[%clk 01:41:31] [%emt 00:00:14]} Nf6 {[%clk 01:41:38] [%emt 00:00:06]} 4.
d3 {[%clk 01:41:48] [%emt 00:00:13]} Be7 {[%clk 01:42:00] [%emt 00:00:09]} 5.
O-O {[%clk 01:42:00] [%emt 00:00:18]} O-O {[%clk 01:41:53] [%emt 00:00:37]} 6.
Re1 {[%clk 01:42:03] [%emt 00:00:27]} d6 {[%clk 01:41:59] [%emt 00:00:24]} 7. a3
{[%clk 01:42:18] [%emt 00:00:15]} a5 {[%clk 01:42:19] [%emt 00:00:11]} 8. h3
{[%clk 01:39:31] [%emt 00:03:16]} h6 {[%clk 01:42:41] [%emt 00:00:07]} 9. Nc3
{[%clk 01:38:45] [%emt 00:01:14]} Be6 {[%clk 01:43:02] [%emt 00:00:11]} 10. Nd5
{[%clk 01:31:19] [%emt 00:07:57]} Bc8 {[%clk 01:43:18] [%emt 00:00:13]} 11.
Nxe7+ {[%clk 01:21:30] [%emt 00:10:19]} Nxe7 {[%clk 01:43:11] [%emt 00:00:37]}
12. d4 {[%clk 01:20:40] [%emt 00:01:20]} Ng6 {[%clk 01:30:35] [%emt 00:13:06]}
13. dxe5 {[%clk 01:18:05] [%emt 00:03:06]} dxe5 {[%clk 01:30:50] [%emt
00:00:14]} 14. Qxd8 {[%clk 01:17:24] [%emt 00:01:12]} Rxd8 {[%clk 01:31:18]
[%emt 00:00:02]} 15. Bd2 {[%clk 01:16:14] [%emt 00:01:40]} b6 {[%clk 01:28:27]
[%emt 00:03:21]} 16. Bc3 {[%clk 01:16:25] [%emt 00:00:19]} Re8 {[%clk 01:28:51]
[%emt 00:00:06]} 17. Rad1 {[%clk 01:14:33] [%emt 00:02:23]} Ba6 {[%clk 01:28:09]
[%emt 00:01:12]} 18. Ba2 {[%clk 01:13:24] [%emt 00:01:39]} Bc8 {[%clk 01:25:06]
[%emt 00:03:32]} 19. Bc4 {[%clk 01:11:24] [%emt 00:02:30]} Ba6 {[%clk 01:25:29]
[%emt 00:00:07]} 20. Bb3 {[%clk 01:11:06] [%emt 00:00:47]} Bb7 {[%clk 01:16:56]
[%emt 00:09:03]} 21. Nd2 {[%clk 01:09:20] [%emt 00:02:17]} a4 {[%clk 00:56:31]
[%emt 00:20:56]} 22. Bc4 {[%clk 01:06:29] [%emt 00:03:20]} Ba6 {[%clk 00:56:54]
[%emt 00:00:07]} 23. f3 {[%clk 01:06:07] [%emt 00:00:53]} Bxc4 {[%clk 00:49:41]
[%emt 00:07:43]} 24. Nxc4 {[%clk 01:06:28] [%emt 00:00:09]} Nh7 {[%clk 00:49:26]
[%emt 00:00:45]} 25. h4 {[%clk 00:52:41] [%emt 00:14:16]} f6 {[%clk 00:47:09]
[%emt 00:02:47]} 26. g3 {[%clk 00:51:49] [%emt 00:01:21]} h5 {[%clk 00:47:33]
[%emt 00:00:07]} 27. Ne3 {[%clk 00:49:40] [%emt 00:02:40]} Nhf8 {[%clk 00:47:27]
[%emt 00:00:36]} 28. Rd3 {[%clk 00:46:56] [%emt 00:03:14]} Ne6 {[%clk 00:46:50]
[%emt 00:01:07]} 29. Red1 {[%clk 00:46:58] [%emt 00:00:28]} Nc5 {[%clk 00:33:43]
[%emt 00:13:38]} 30. R3d2 {[%clk 00:47:00] [%emt 00:00:28]} Nf8 {[%clk 00:34:04]
[%emt 00:00:08]} 31. Nd5 {[%clk 00:44:06] [%emt 00:03:23]} Nfe6 {[%clk 00:34:06]
[%emt 00:00:27]} 32. Bb4 {[%clk 00:42:26] [%emt 00:02:11]} Na6 {[%clk 00:24:56]
[%emt 00:09:40]} 33. Bc3 {[%clk 00:34:01] [%emt 00:08:55]} Kf7 {[%clk 00:22:28]
[%emt 00:02:58]} 34. Kf2 {[%clk 00:34:04] [%emt 00:00:26]} Rad8 {[%clk 00:21:27]
[%emt 00:01:31]} 35. Ne3 {[%clk 00:31:43] [%emt 00:02:52]} Rxd2+ {[%clk
00:21:05] [%emt 00:00:52]} 36. Rxd2 {[%clk 00:32:11] [%emt 00:00:03]} Rd8 {[%clk
00:12:00] [%emt 00:09:35]} 37. Rxd8 {[%clk 00:18:36] [%emt 00:14:05]} 1/2-1/2

[Site "Europe Echecs"]

[Event "Grand Swiss "]
[Date "2025.09.13"]
[White "Gukesh D"]
[Black "Divya Deshmukh"]
[WhiteElo "2767"]
[BlackElo "2478"]
[Round "8.8.57"]
[Result "1/2-1/2"]

1. e4 {[%clk 01:40:56] [%emt 00:00:03]} c5 {[%clk 01:40:55] [%emt 00:00:05]} 2.
Nf3 {[%clk 01:41:20] [%emt 00:00:06]} Nc6 {[%clk 01:41:20] [%emt 00:00:06]} 3.
Bb5 {[%clk 01:41:15] [%emt 00:00:35]} e5 {[%clk 01:41:38] [%emt 00:00:12]} 4.
O-O {[%clk 01:41:28] [%emt 00:00:16]} Be7 {[%clk 01:41:41] [%emt 00:00:27]} 5.
Re1 {[%clk 01:24:57] [%emt 00:17:01]} Nd4 {[%clk 01:40:16] [%emt 00:01:54]} 6.
Bc4 {[%clk 01:25:10] [%emt 00:00:17]} Nxf3+ {[%clk 01:40:34] [%emt 00:00:13]} 7.
Qxf3 {[%clk 01:25:33] [%emt 00:00:06]} Nf6 {[%clk 01:41:00] [%emt 00:00:04]} 8.
d3 {[%clk 01:25:23] [%emt 00:00:40]} O-O {[%clk 01:40:18] [%emt 00:01:11]} 9.
Nc3 {[%clk 01:25:38] [%emt 00:00:15]} d6 {[%clk 01:40:02] [%emt 00:00:47]} 10.
a4 {[%clk 01:25:48] [%emt 00:00:20]} Be6 {[%clk 01:32:49] [%emt 00:07:43]} 11.
h3 {[%clk 01:25:35] [%emt 00:00:43]} Qd7 {[%clk 01:31:24] [%emt 00:01:56]} 12.
a5 {[%clk 01:24:56] [%emt 00:01:08]} Rad8 {[%clk 01:24:49] [%emt 00:07:05]} 13.
Bd2 {[%clk 01:18:52] [%emt 00:06:34]} h6 {[%clk 01:12:10] [%emt 00:13:10]} 14.
Qe2 {[%clk 01:11:48] [%emt 00:07:34]} Ne8 {[%clk 01:07:31] [%emt 00:05:09]} 15.
f4 {[%clk 01:04:19] [%emt 00:07:58]} exf4 {[%clk 00:57:59] [%emt 00:10:02]} 16.
Bxf4 {[%clk 01:04:35] [%emt 00:00:13]} Bf6 {[%clk 00:54:29] [%emt 00:04:01]} 17.
e5 {[%clk 00:47:53] [%emt 00:17:12]} dxe5 {[%clk 00:49:20] [%emt 00:05:39]} 18.
Bxe5 {[%clk 00:48:16] [%emt 00:00:07]} Bxe5 {[%clk 00:47:12] [%emt 00:02:39]}
19. Qxe5 {[%clk 00:48:40] [%emt 00:00:06]} Qd4+ {[%clk 00:47:20] [%emt
00:00:21]} 20. Qxd4 {[%clk 00:46:50] [%emt 00:02:19]} cxd4 {[%clk 00:47:48]
[%emt 00:00:03]} 21. Ne4 {[%clk 00:46:42] [%emt 00:00:39]} Bd5 {[%clk 00:24:21]
[%emt 00:23:57]} 22. a6 {[%clk 00:29:25] [%emt 00:17:46]} b6 {[%clk 00:17:14]
[%emt 00:07:37]} 23. Nd2 {[%clk 00:28:48] [%emt 00:01:07]} Bxc4 {[%clk 00:15:38]
[%emt 00:02:06]} 24. Nxc4 {[%clk 00:29:10] [%emt 00:00:08]} Rd7 {[%clk 00:15:51]
[%emt 00:00:18]} 25. Ne5 {[%clk 00:26:07] [%emt 00:03:32]} Rd6 {[%clk 00:14:08]
[%emt 00:02:13]} 26. Nc4 {[%clk 00:15:03] [%emt 00:11:34]} Rd7 {[%clk 00:13:42]
[%emt 00:00:56]} 27. Kf2 {[%clk 00:15:15] [%emt 00:00:17]} Nc7 {[%clk 00:13:44]
[%emt 00:00:28]} 28. Re5 {[%clk 00:14:20] [%emt 00:01:25]} Rc8 {[%clk 00:13:22]
[%emt 00:00:53]} 29. Ke2 {[%clk 00:13:48] [%emt 00:01:02]} b5 {[%clk 00:11:00]
[%emt 00:02:52]} 30. Na3 {[%clk 00:13:54] [%emt 00:00:24]} Rd6 {[%clk 00:10:49]
[%emt 00:00:41]} 31. Kd2 {[%clk 00:11:08] [%emt 00:03:16]} Rxa6 {[%clk 00:10:37]
[%emt 00:00:43]} 32. Rf1 {[%clk 00:11:30] [%emt 00:00:07]} b4 {[%clk 00:09:54]
[%emt 00:01:13]} 33. Nc4 {[%clk 00:11:51] [%emt 00:00:10]} Re8 {[%clk 00:06:52]
[%emt 00:03:32]} 34. Rxe8+ {[%clk 00:11:34] [%emt 00:00:46]} Nxe8 {[%clk
00:07:20] [%emt 00:00:01]} 35. Rf4 {[%clk 00:09:45] [%emt 00:02:20]} Rf6 {[%clk
00:04:01] [%emt 00:03:49]} 36. Rxd4 {[%clk 00:10:10] [%emt 00:00:05]} Rf2+
{[%clk 00:04:17] [%emt 00:00:15]} 37. Ke3 {[%clk 00:10:34] [%emt 00:00:05]} Rxg2
{[%clk 00:02:04] [%emt 00:02:43]} 38. Rd8 {[%clk 00:10:59] [%emt 00:00:05]} Kf8
{[%clk 00:02:30] [%emt 00:00:04]} 39. Ra8 {[%clk 00:11:14] [%emt 00:00:15]} Ke7
{[%clk 00:02:04] [%emt 00:00:57]} 40. Rxa7+ {[%clk 00:11:38] [%emt 00:00:07]}
Ke6 {[%clk 00:01:21] [%emt 00:01:11]} 41. Ra6+ {[%clk 00:42:01] [%emt 00:20:08]}
Ke7 {[%clk 00:51:21] [%emt 00:00:30]} 42. c3 {[%clk 00:39:51] [%emt 00:02:40]}
bxc3 {[%clk 00:46:22] [%emt 00:05:29]} 43. bxc3 {[%clk 00:40:20] [%emt
00:00:01]} Rg3+ {[%clk 00:43:46] [%emt 00:03:05]} 44. Kd4 {[%clk 00:40:24] [%emt
00:00:26]} Rxh3 {[%clk 00:41:50] [%emt 00:02:27]} 45. Ne3 {[%clk 00:40:00] [%emt
00:00:54]} Nc7 {[%clk 00:39:05] [%emt 00:03:15]} 46. Nf5+ {[%clk 00:40:11] [%emt
00:00:18]} Ke8 {[%emt 00:10:26]} 47. Rb6 {[%emt 00:05:41]} Ne6+ {[%clk 00:23:22]
[%emt 00:02:24]} 48. Kc4 {[%clk 00:39:15] [%emt 00:00:09]} Nf4 {[%emt 00:07:18]}
49. Nxg7+ {[%clk 00:35:30] [%emt 00:00:08]} Kd7 {[%emt 00:03:22]} 50. Rb5 {[%clk
00:30:21] [%emt 00:02:58]} Rxd3 {[%clk 00:16:57] [%emt 00:04:03]} 51. Rf5 {[%emt
00:00:52]} Rg3 {[%clk 00:16:13] [%emt 00:00:26]} 52. Rxf7+ {[%clk 00:31:11]
[%emt 00:00:05]} Kd8 {[%clk 00:15:54] [%emt 00:00:49]} 53. Nf5 {[%emt 00:03:15]}
Ng6 {[%clk 00:13:33] [%emt 00:00:04]} 54. Ra7 {[%emt 00:01:59]} Ne5+ {[%clk
00:11:28] [%emt 00:01:12]} 55. Kd5 {[%clk 00:31:31] [%emt 00:00:06]} Rxc3 {[%clk
00:11:51] [%emt 00:00:06]} 56. Kxe5 {[%emt 00:00:15]} Rc7 {[%clk 00:11:41] [%emt
00:00:29]} 57. Ra6 {[%clk 00:32:03] [%emt 00:00:26]} Rc1 {[%clk 00:11:23] [%emt
00:00:47]} 58. Nd4 {[%clk 00:31:01] [%emt 00:01:32]} Re1+ {[%clk 00:11:10] [%emt
00:00:42]} 59. Kd6 {[%clk 00:30:54] [%emt 00:00:37]} Ke8 {[%clk 00:11:20] [%emt
00:00:20]} 60. Nf3 {[%clk 00:31:07] [%emt 00:00:18]} Rd1+ {[%clk 00:10:07] [%emt
00:01:42]} 61. Ke6 {[%clk 00:31:29] [%emt 00:00:08]} Kd8 {[%clk 00:10:34] [%emt
00:00:03]} 62. Rc6 {[%clk 00:31:26] [%emt 00:00:32]} Rd7 {[%clk 00:09:39] [%emt
00:01:25]} 63. Ne5 {[%clk 00:31:36] [%emt 00:00:20]} Rc7 {[%clk 00:09:42] [%emt
00:00:27]} 64. Nf7+ {[%emt 00:01:31]} Kc8 {[%clk 00:09:36] [%emt 00:00:04]} 65.
Nd6+ {[%clk 00:31:19] [%emt 00:00:18]} Kd8 {[%clk 00:09:46] [%emt 00:00:20]} 66.
Ra6 {[%clk 00:31:41] [%emt 00:00:08]} Re7+ {[%emt 00:00:06]} 67. Kd5 {[%emt
00:00:25]} Re1 {[%clk 00:10:21]} 68. Ra8+ {[%clk 00:31:58] [%emt 00:00:37]} Kc7
{[%clk 00:10:17] [%emt 00:00:32]} 69. Ra7+ {[%clk 00:32:24] [%emt 00:00:06]} Kd8
{[%clk 00:10:29] [%emt 00:00:18]} 70. Nf7+ {[%clk 00:32:49] [%emt 00:00:05]} Kc8
{[%clk 00:10:00] [%emt 00:00:57]} 71. Ne5 {[%clk 00:33:15] [%emt 00:00:06]} Rd1+
{[%clk 00:10:07] [%emt 00:00:24]} 72. Ke6 {[%clk 00:33:38] [%emt 00:00:06]} h5
{[%clk 00:10:12] [%emt 00:00:24]} 73. Rh7 {[%clk 00:33:29] [%emt 00:00:39]} h4
{[%clk 00:10:38] [%emt 00:00:05]} 74. Nc4 {[%emt 00:01:56]} Re1+ {[%clk
00:10:43] [%emt 00:00:06]} 75. Kd5 {[%emt 00:00:20]} Rd1+ {[%clk 00:11:03]} 76.
Kc6 {[%clk 00:33:06] [%emt 00:00:05]} Kd8 {[%emt 00:00:12]} 77. Ne3 {[%emt
00:01:05]} Rg1 {[%clk 00:10:51] [%emt 00:00:02]} 78. Nc4 {[%clk 00:33:17] [%emt
00:00:41]} Rc1 {[%clk 00:11:03] [%emt 00:00:17]} 79. Kd6 {[%clk 00:33:23] [%emt
00:00:25]} Rd1+ {[%clk 00:11:19] [%emt 00:00:13]} 80. Ke6 {[%emt 00:00:17]} h3
{[%clk 00:11:38]} 81. Rxh3 {[%clk 00:33:37] [%emt 00:00:41]} Kc7 {[%clk
00:11:49] [%emt 00:00:19]} 82. Rc3 {[%clk 00:33:30] [%emt 00:00:37]} Re1+ {[%clk
00:11:46] [%emt 00:00:32]} 83. Ne3+ {[%emt 00:01:16]} Kd8 {[%clk 00:10:43] [%emt
00:00:54]} 84. Kd6 {[%clk 00:33:13] [%emt 00:00:40]} Ke8 {[%clk 00:10:46] [%emt
00:00:28]} 85. Ng4 {[%emt 00:02:19]} Kf7 {[%clk 00:09:25] [%emt 00:00:02]} 86.
Ne5+ {[%emt 00:00:43]} Kf6 {[%clk 00:09:35] [%emt 00:00:05]} 87. Rf3 {[%clk
00:33:40] [%emt 00:00:03]} Kg5 {[%clk 00:10:02]} 88. Ke6 {[%clk 00:34:06] [%emt
00:00:08]} Ra1 {[%clk 00:10:17]} 89. Rf5+ {[%clk 00:34:20] [%emt 00:00:30]} Kh4
{[%emt 00:00:22]} 90. Rf4+ {[%emt 00:00:22]} Kg3 {[%emt 00:00:09]} 91. Kf5
{[%emt 00:00:27]} Ra8 {[%clk 00:10:32] [%emt 00:00:17]} 92. Rf3+ {[%clk
00:35:16] [%emt 00:00:13]} Kg2 {[%clk 00:10:59]} 93. Rd3 {[%clk 00:35:19] [%emt
00:00:30]} Ra4 {[%clk 00:11:11]} 94. Nc6 {[%clk 00:34:46] [%emt 00:01:21]} Rh4
{[%clk 00:10:39]} 95. Nd4 {[%clk 00:34:34] [%emt 00:01:43]} Kf2 {[%clk 00:10:34]
[%emt 00:00:35]} 96. Ke5 {[%clk 00:33:09] [%emt 00:01:55]} Rh8 {[%emt 00:00:45]}
97. Rf3+ Kg2 {[%clk 00:10:19]} 98. Ra3 {[%clk 00:33:16] [%emt 00:01:19]} Kf2
{[%clk 00:10:35] [%emt 00:00:18]} 99. Nf3 {[%clk 00:32:57] [%emt 00:00:50]} Ke2
{[%clk 00:10:01] [%emt 00:01:03]} 100. Ke4 {[%clk 00:33:22] [%emt 00:00:05]}
Re8+ {[%clk 00:10:27] [%emt 00:00:04]} 101. Ne5 {[%clk 00:33:48] [%emt
00:00:04]} Kd2 {[%clk 00:10:22] [%emt 00:00:35]} 102. Rh3 {[%clk 00:33:47] [%emt
00:00:31]} Kc2 {[%clk 00:10:30] [%emt 00:00:22]} 103. Kd4 {[%clk 00:34:03]}
1/2-1/2

[Site "Europe Echecs"]